000 01036nam a22002417a 4500
003 PE SENCICO BE
005 20251020182646.0
008 231114b |||||||| |||| 00| 0 eng d
040 _aPE SENCICO BE
_cPE SENCICO BE
041 _aspa
084 _aI
_aDIB
_a2016
_bH96
100 1 _91786
_aHurtado Torres, Paolo Alexander
_eautor
245 1 _aInstalaciones sanitarias :
_bredes de agua y desague /
_cPaolo Alexander Hurtado Torres
260 _aLima :
_c2016
300 _a40 h. :
_btabls.;
_c30 cm.
502 _aMonografía de Titulación.-- Servicio Nacional de Capacitación para la Industria de la Construcción. Escuela Superior Técnica. Carrera Profesional Técnica en Dibujo en Construcción Civil, 2016.
650 1 0 _9103
_aInstalaciones sanitarias
650 2 0 _91763
_aSistema de agua potable y alcantarillado
650 2 0 _9355
_aAbastecimiento de agua
710 1 _aServicio Nacional de Capacitación para la Industria de la Construcción.
_bEscuela Superior Técnica
_91065
910 _bhfp
_chfp
942 _cMON
999 _c4439
_d4439